La audacia de la pasión: el hombre contemporáneo y el dilema de la opción. Las memorias de Pedro el anciano

Uloženo v:
Podrobná bibliografie
Hlavní autor: Martini, Carlo María (autor)
Médium: Kniha
Jazyk:španělština
Vydáno: Madrid Ediciones Khaf 2009
Vydání:1a. ed
Témata:
Tagy: Přidat tag
Žádné tagy, Buďte první, kdo vytvoří štítek k tomuto záznamu!

MARC

LEADER 00000cam a2200000 a 4500
001 UCD7864
003 CL-VaPUC
008 170414e20090000sp |||||||||||||||||spa|d
020 |a 9788426373656 
082 0 4 |a 248  |b MAR  |2 21 
100 |a Martini, Carlo María  |e autor  |9 600928 
245 1 3 |a La audacia de la pasión: el hombre contemporáneo y el dilema de la opción. Las memorias de Pedro el anciano 
250 |a 1a. ed 
300 |a 173 p 
942 |c BK 
945 |d 20170414 22:34:00  |a dcastane 
260 |a Madrid  |b Ediciones Khaf  |c 2009 
650 0 |a Vida espiritual  |9 307811 
650 0 |a Vida cristiana  |9 258753 
650 0 |a Valores cristianos  |9 399897 
650 0 |a Moral cristiana  |9 464237 
583 |a last modification  |c 20170414 22:34:00  |k Rodrigo Vera 
999 |c 367730  |d 367728 
952 |0 0  |1 0  |3 erb  |4 0  |6 248_000000000000000_MAR_2009  |7 0  |8 A  |9 482800  |a BIBTEO  |b BIBTEO  |i 5372631  |o 248 MAR 2009  |p 5372631  |r 2025-01-17  |w 2019-11-24  |y BK  |z Catalogado en:20170414  |k ICR 
952 |0 0  |1 0  |3 erb  |4 0  |6 248_000000000000000_MAR_2009  |7 0  |8 A  |9 482801  |a BIBTEO  |b BIBTEO  |i 5453283  |o 248 MAR 2009  |p 5453283  |r 2025-01-17  |w 2019-11-24  |y BK  |z Catalogado en:20180309  |k ICR